[Event "12th Arad Open 2019"]
[Site "Arad"]
[Date "2019.07.28"]
[Round "6.26"]
[White "Popa-Matei, Viorel-Ovidiu"]
[Black "Kantorik, Marian"]
[Result "0-1"]
[WhiteElo "1895"]
[BlackElo "2196"]
[Annotator "NA"]
[PlyCount "54"]
[EventDate "2019.07.24"]
[EventType "swiss"]
[EventCountry "ROU"]
[SourceTitle "playchess.com"]
[Source "ChessBase"]
[SourceQuality "1"]
[TimeControl "40/5400+30:900+30"]

1. e4 {[%emt 0:07:33]} c6 {[%emt 0:03:36]} 2. d4 {[%emt 0:01:07]} d5 {[%emt 0:00:06]} 3. e5 {[%emt 0:00:15]} c5 {[%emt 0:00:15]} 4. dxc5 {[%emt 0:04:11]} e6 {[%emt 0:00:31]} 5. Nf3 {[%emt 0:00:43]} Bxc5 {[%emt 0:00:37]} 6. Bd3 {[%emt 0:00:16]} Nc6 {[%emt 0:00:28]} 7. O-O {[%emt 0:00:48]} Nge7 {[%emt 0:00:07]} 8. c3 {[%emt 0:00:33]} Ng6 {[%emt 0:00:26]} 9. b4 {[%emt 0:01:47]} Be7 {[%emt 0:00:16]} 10. Bxg6 {[%emt 0:03:04]} hxg6 {[%emt 0:00:08]} 11. b5 {[%emt 0:01:29]} Na5 {[%emt 0:01:10]} 12. Be3 {[%emt 0:05:12]} Nc4 {[%emt 0:03:38]} 13. Bd4 {[%emt 0:02:11]} Bd7 {[%emt 0:00:29]} 14. a4 {[%emt 0:03:34]} a6 {[%emt 0:17:31]} 15. bxa6 {[%emt 0:07:15]} Rxa6 {[%emt 0:00:57]} 16. Nbd2 {[%emt 0:03:32]} Nxd2 {[%emt 0:04:31]} 17. Nxd2 {[%emt 0:00:45]} Qa8 {[%emt 0:00:12]} 18. c4 {[%emt 0:12:24]} Bxa4 {[%emt 0:01:09]} 19. Qc1 {[%emt 0:15:57]} Bc6 {[%emt 0:03:07]} 20. cxd5 {[%emt 0:08:43]} Bxd5 {[%emt 0:05:12]} 21. Rxa6 {[%emt 0:04:04]} bxa6 {[%emt 0:00:09]} 22. Bc5 {[%emt 0:00:11]} Bxg2 {[%emt 0:18:53]} 23. Rd1 {[%emt 0:08:22]} Rh4 {[%emt 0:02:54]} 24. f3 {[%emt 0:06:05]} Bxf3 {[%emt 0:01:15]} 25. Nxf3 {[%emt 0:01:03]} Qxf3 {[%emt 0:01:16]} 26. Bf2 {[%emt 0:00:44]} Rg4+ {[%emt 0:00:38]} 27. Kf1 {[%emt 0:00:40]} Bc5 {[%emt 0:07:51]} 0-1

[Event "12th Arad Open 2019"]
[Site "Arad"]
[Date "2019.07.28"]
[Round "6.27"]
[White "Ahlander, Bjorn"]
[Black "Kersten, Julian"]
[Result "1-0"]
[WhiteElo "2391"]
[BlackElo "1951"]
[Annotator "NA"]
[PlyCount "73"]
[EventDate "2019.07.24"]
[EventType "swiss"]
[EventCountry "ROU"]
[SourceTitle "playchess.com"]
[Source "ChessBase"]
[SourceQuality "1"]
[TimeControl "40/5400+30:900+30"]

1. d4 {[%emt 0:00:00]} Nf6 {[%emt 0:03:55]} 2. c4 {[%emt 0:00:00]} g6 {[%emt 0:00:26]} 3. Nc3 {[%emt 0:00:00]} Bg7 {[%emt 0:00:09]} 4. Nf3 {[%emt 0:00:00]} O-O {[%emt 0:00:18]} 5. e4 {[%emt 0:00:00]} d6 {[%emt 0:00:11]} 6. Be2 {[%emt 0:00:01]} e5 {[%emt 0:00:21]} 7. O-O {[%emt 0:00:09]} Nc6 {[%emt 0:00:32]} 8. Be3 {[%emt 0:00:08]} Ng4 {[%emt 0:03:19]} 9. Bg5 {[%emt 0:00:20]} f6 {[%emt 0:00:16]} 10. Bc1 {[%emt 0:00:16]} f5 {[%emt 0:05:27]} 11. Bg5 {[%emt 0:00:31]} Qd7 {[%emt 0:04:21]} 12. d5 {[%emt 0:12:27]} Ne7 {[%emt 0:12:00]} 13. Nd2 {[%emt 0:01:02]} Nf6 {[%emt 0:05:15]} 14. f3 {[%emt 0:00:03]} h6 {[%emt 0:01:57]} 15. Bh4 {[%emt 0:00:04]} g5 {[%emt 0:01:17]} 16. Bf2 {[%emt 0:00:29]} f4 {[%emt 0:00:06]} 17. c5 {[%emt 0:01:45]} Qd8 {[%emt 0:01:05]} 18. cxd6 {[%emt 0:02:52]} cxd6 {[%emt 0:00:09]} 19. Rc1 {[%emt 0:00:34]} Ne8 {[%emt 0:10:06]} 20. a4 {[%emt 0:07:13]} Ng6 {[%emt 0:01:55]} 21. Nb5 {[%emt 0:01:37]} b6 {[%emt 0:10:00]} 22. a5 {[%emt 0:00:55]} Rf7 {[%emt 0:02:05]} 23. axb6 {[%emt 0:01:15]} axb6 {[%emt 0:00:01]} 24. Rc6 {[%emt 0:01:08]} Rb8 {[%emt 0:01:40]} 25. Nc4 {[%emt 0:02:26]} Bf8 {[%emt 0:09:39]} 26. Rxb6 {[%emt 0:00:35]} Rfb7 {[%emt 0:00:23]} 27. Rxb7 {[%emt 0:00:43]} Rxb7 {[%emt 0:00:04]} 28. Qa4 {[%emt 0:04:33]} h5 {[%emt 0:01:45]} 29. Na7 {[%emt 0:03:57]} Rxa7 {[%emt 0:04:43]} 30. Qxa7 {[%emt 0:01:31]} g4 {[%emt 0:00:29]} 31. Qb8 {[%emt 0:03:43]} g3 {[%emt 0:01:13]} 32. hxg3 {[%emt 0:02:10]} fxg3 {[%emt 0:00:02]} 33. Bxg3 {[%emt 0:00:36]} h4 {[%emt 0:00:19]} 34. Bh2 {[%emt 0:01:10]} Bh6 {[%emt 0:01:00]} 35. f4 {[%emt 0:05:57]} exf4 {[%emt 0:07:03]} 36. Bg4 {[%emt 0:00:58]} Ne7 {[%emt 0:03:02]} 37. Bxf4 {[%emt 0:00:38]} 1-0

[Event "12th Arad Open 2019"]
[Site "Arad"]
[Date "2019.07.28"]
[Round "6.28"]
[White "Paraschiv, Paul-Alexandru"]
[Black "Czebe, Attila"]
[Result "1/2-1/2"]
[WhiteElo "2052"]
[BlackElo "2436"]
[Annotator "NA"]
[PlyCount "94"]
[EventDate "2019.07.24"]
[EventType "swiss"]
[EventCountry "ROU"]
[SourceTitle "playchess.com"]
[Source "ChessBase"]
[SourceQuality "1"]
[TimeControl "40/5400+30:900+30"]

1. d4 {[%emt 0:00:00]} Nf6 {[%emt 0:00:17]} 2. Bg5 {[%emt 0:00:18]} Ne4 {[%emt 0:00:30]} 3. Bf4 {[%emt 0:00:07]} c6 {[%emt 0:01:23]} 4. f3 {[%emt 0:02:43]} Nf6 {[%emt 0:00:12]} 5. e4 {[%emt 0:00:53]} d5 {[%emt 0:00:22]} 6. e5 {[%emt 0:04:27]} Nh5 {[%emt 0:00:49]} 7. Be3 {[%emt 0:00:59]} g6 {[%emt 0:00:08]} 8. c3 {[%emt 0:00:57]} f6 {[%emt 0:00:42]} 9. f4 {[%emt 0:00:48]} Bh6 {[%emt 0:01:12]} 10. Qf3 {[%emt 0:02:19]} O-O {[%emt 0:04:54]} 11. g4 {[%emt 0:02:02]} Nxf4 {[%emt 0:00:40]} 12. Bxf4 {[%emt 0:00:17]} fxe5 {[%emt 0:00:04]} 13. Bxh6 {[%emt 0:00:08]} Rxf3 {[%emt 0:00:03]} 14. Nxf3 {[%emt 0:00:06]} exd4 {[%emt 0:00:02]} 15. cxd4 {[%emt 0:06:27]} e5 {[%emt 0:01:30]} 16. dxe5 {[%emt 0:01:32]} Bxg4 {[%emt 0:00:09]} 17. Nbd2 {[%emt 0:00:28]} Nd7 {[%emt 0:00:55]} 18. O-O-O {[%emt 0:04:40]} Nc5 {[%emt 0:10:05]} 19. Be3 {[%emt 0:03:17]} Qa5 {[%emt 0:10:05]} 20. Kb1 {[%emt 0:22:05]} Ne4 {[%emt 0:11:48]} 21. Nb3 {[%emt 0:02:59]} Qb4 {[%emt 0:04:25]} 22. Rd4 {[%emt 0:01:20]} Qe7 {[%emt 0:07:22]} 23. Bg2 {[%emt 0:03:45]} Bf5 {[%emt 0:04:49]} 24. Ka1 {[%emt 0:00:35]} a5 {[%emt 0:00:00]} 25. Nbd2 {[%emt 0:01:42]} Nc5 {[%emt 0:01:49]} 26. Bg5 {[%emt 0:02:23]} Qc7 {[%emt 0:00:04]} 27. Bf6 {[%emt 0:00:48]} a4 {[%emt 0:01:30]} 28. Rc1 {[%emt 0:01:07]} Nb3+ {[%emt 0:02:49]} 29. Nxb3 {[%emt 0:00:08]} axb3 {[%emt 0:00:04]} 30. a3 {[%emt 0:00:45]} Qb6 {[%emt 0:15:17]} 31. Be7 {[%emt 0:01:58]} c5 {[%emt 0:00:25]} 32. Bxc5 {[%emt 0:00:40]} Rc8 {[%emt 0:00:02]} 33. Rdc4 {[%emt 0:03:15]} Qa6 {[%emt 0:05:18]} 34. R4c3 {[%emt 0:00:18]} b6 {[%emt 0:00:17]} 35. Bf1 Qa4 36. Bb4 {[%emt 0:03:09]} Ra8 {[%emt 0:00:14]} 37. Bd6 {[%emt 0:00:12]} b5 {[%emt 0:00:44]} 38. Nd2 {[%emt 0:01:17]} Bc2 {[%emt 0:00:09]} 39. Bh3 {[%emt 0:05:47]} b4 {[%emt 0:01:43]} 40. Rc8+ {[%emt 0:00:00]} Rxc8 {[%emt 0:00:00]} 41. Bxc8 {[%emt 0:03:53]} bxa3 {[%emt 0:00:18]} 42. Be6+ {[%emt 0:01:37]} Kg7 {[%emt 0:00:28]} 43. Bxa3 {[%emt 0:00:20]} Qf4 {[%emt 0:00:13]} 44. Rf1 {[%emt 0:01:57]} Qxd2 {[%emt 0:00:07]} 45. Rf7+ {[%emt 0:00:23]} Kh6 {[%emt 0:00:01]} 46. Bf8+ {[%emt 0:00:11]} Kg5 {[%emt 0:00:06]} 47. Be7+ {[%emt 0:00:25]} Kh6 {[%emt 0:00:01]} 1/2-1/2

[Event "12th Arad Open 2019"]
[Site "Arad"]
[Date "2019.07.28"]
[Round "6.29"]
[White "Bogdan, Dan"]
[Black "Balan, Bogdan"]
[Result "1-0"]
[WhiteElo "2370"]
[BlackElo "2036"]
[Annotator "NA"]
[PlyCount "127"]
[EventDate "2019.07.24"]
[EventType "swiss"]
[EventCountry "ROU"]
[SourceTitle "playchess.com"]
[Source "ChessBase"]
[SourceQuality "1"]
[TimeControl "40/5400+30:900+30"]

1. c4 {[%emt 0:00:00]} Nf6 {[%emt 0:00:00]} 2. g3 {[%emt 0:00:00]} g6 {[%emt 0:00:00]} 3. Bg2 {[%emt 0:00:00]} Bg7 {[%emt 0:00:43]} 4. d4 {[%emt 0:00:02]} O-O {[%emt 0:01:31]} 5. e4 {[%emt 0:00:13]} d6 {[%emt 0:00:13]} 6. Ne2 {[%emt 0:00:09]} c6 {[%emt 0:02:08]} 7. O-O {[%emt 0:00:21]} e5 {[%emt 0:00:27]} 8. Nbc3 {[%emt 0:00:26]} a6 {[%emt 0:00:52]} 9. a4 {[%emt 0:03:13]} a5 {[%emt 0:01:53]} 10. h3 {[%emt 0:01:09]} Na6 {[%emt 0:00:48]} 11. Be3 {[%emt 0:01:24]} Nd7 {[%emt 0:15:48]} 12. Kh2 {[%emt 0:02:00]} Re8 {[%emt 0:14:15]} 13. Re1 {[%emt 0:05:27]} Qc7 {[%emt 0:09:04]} 14. Rc1 {[%emt 0:01:12]} Nb4 {[%emt 0:09:31]} 15. f4 {[%emt 0:04:45]} f6 {[%emt 0:02:00]} 16. Rf1 {[%emt 0:06:43]} Nb8 {[%emt 0:04:09]} 17. Qd2 {[%emt 0:00:20]} N8a6 {[%emt 0:01:52]} 18. Rfd1 {[%emt 0:00:43]} Be6 {[%emt 0:03:11]} 19. d5 {[%emt 0:05:44]} Bf7 {[%emt 0:09:15]} 20. dxc6 {[%emt 0:04:43]} bxc6 {[%emt 0:00:19]} 21. Qxd6 {[%emt 0:00:11]} Qxd6 {[%emt 0:00:55]} 22. Rxd6 {[%emt 0:00:05]} Bxc4 {[%emt 0:00:14]} 23. Rcd1 {[%emt 0:00:27]} Nc2 {[%emt 0:07:16]} 24. Bg1 {[%emt 0:06:01]} Nab4 {[%emt 0:03:28]} 25. h4 {[%emt 0:01:22]} Kf7 {[%emt 0:01:50]} 26. Bf2 {[%emt 0:07:57]} Bf8 {[%emt 0:01:04]} 27. Rd7+ {[%emt 0:00:24]} Re7 {[%emt 0:00:35]} 28. R7d2 {[%emt 0:02:08]} Ree8 {[%emt 0:01:53]} 29. Bf3 {[%emt 0:03:10]} Be7 {[%emt 0:00:37]} 30. h5 {[%emt 0:03:07]} Red8 {[%emt 0:01:40]} 31. Bb6 {[%emt 0:01:56]} Rdb8 {[%emt 0:04:44]} 32. Bf2 {[%emt 0:02:13]} Rd8 {[%emt 0:00:15]} 33. fxe5 {[%emt 0:00:35]} fxe5 {[%emt 0:00:10]} 34. Bb6 {[%emt 0:00:52]} Rd3 {[%emt 0:01:10]} 35. Bg4 {[%emt 0:01:04]} Bd8 {[%emt 0:00:47]} 36. Bf2 {[%emt 0:06:26]} Bg5 {[%emt 0:00:22]} 37. Rxd3 {[%emt 0:00:14]} Nxd3 {[%emt 0:00:23]} 38. Bb6 {[%emt 0:00:37]} Ra6 {[%emt 0:00:47]} 39. Bg1 {[%emt 0:00:58]} Nxb2 {[%emt 0:02:01]} 40. Rd7+ {[%emt 0:00:00]} Kg8 {[%emt 0:00:00]} 41. Rb7 {[%emt 0:02:17]} Nd3 {[%emt 0:03:31]} 42. Rb8+ {[%emt 0:00:10]} Kg7 {[%emt 0:00:06]} 43. hxg6 {[%emt 0:02:46]} c5 {[%emt 0:01:23]} 44. Rb7+ {[%emt 0:01:37]} Kxg6 {[%emt 0:00:14]} 45. Nd5 {[%emt 0:01:07]} Bxd5 {[%emt 0:00:28]} 46. exd5 {[%emt 0:00:10]} e4 {[%emt 0:05:18]} 47. Nc3 {[%emt 0:00:45]} Ncb4 {[%emt 0:05:05]} 48. Nxe4 {[%emt 0:07:18]} Nxd5 {[%emt 0:00:17]} 49. Rd7 {[%emt 0:00:56]} N5b4 {[%emt 0:01:06]} 50. Bxc5 {[%emt 0:06:19]} Nxc5 {[%emt 0:00:15]} 51. Nxc5 {[%emt 0:00:05]} Rc6 {[%emt 0:00:37]} 52. Ne4 {[%emt 0:00:10]} h5 {[%emt 0:00:36]} 53. Bf3 {[%emt 0:00:51]} Rb6 {[%emt 0:02:44]} 54. Kh3 {[%emt 0:01:58]} Bf6 {[%emt 0:01:11]} 55. Rc7 {[%emt 0:02:54]} Na6 {[%emt 0:00:49]} 56. Rc8 {[%emt 0:00:43]} Re6 {[%emt 0:00:29]} 57. Ra8 {[%emt 0:02:06]} Rb6 {[%emt 0:00:33]} 58. Be2 {[%emt 0:00:31]} Nc7 {[%emt 0:00:26]} 59. Rxa5 {[%emt 0:00:35]} h4 {[%emt 0:00:05]} 60. gxh4 {[%emt 0:00:37]} Rb3+ {[%emt 0:00:27]} 61. Kg4 {[%emt 0:00:31]} Re3 {[%emt 0:00:09]} 62. h5+ {[%emt 0:00:27]} Kg7 {[%emt 0:00:36]} 63. Bf3 {[%emt 0:01:58]} Ne6 {[%emt 0:00:30]} 64. Ra7+ 1-0

[Event "12th Arad Open 2019"]
[Site "Arad"]
[Date "2019.07.28"]
[Round "6.30"]
[White "Dobre, Claudiu-Cristian"]
[Black "Marjanovic, Gyorgy"]
[Result "1-0"]
[WhiteElo "2340"]
[BlackElo "2026"]
[Annotator "NA"]
[PlyCount "93"]
[EventDate "2019.07.24"]
[EventType "swiss"]
[EventCountry "ROU"]
[SourceTitle "playchess.com"]
[Source "ChessBase"]
[SourceQuality "1"]
[TimeControl "40/5400+30:900+30"]

1. c4 {[%emt 0:00:00]} e5 {[%emt 0:00:11]} 2. Nc3 {[%emt 0:00:00]} Nf6 {[%emt 0:00:05]} 3. Nf3 {[%emt 0:00:00]} Nc6 {[%emt 0:00:07]} 4. e3 {[%emt 0:00:00]} Be7 {[%emt 0:01:37]} 5. d4 {[%emt 0:03:21]} d6 {[%emt 0:01:33]} 6. Bd3 {[%emt 0:06:46]} Bg4 {[%emt 0:02:33]} 7. d5 {[%emt 0:00:24]} Nb8 {[%emt 0:00:54]} 8. h3 {[%emt 0:00:14]} Bh5 {[%emt 0:00:06]} 9. Rb1 {[%emt 0:17:16]} O-O {[%emt 0:04:13]} 10. b4 {[%emt 0:00:19]} c6 {[%emt 0:01:24]} 11. e4 {[%emt 0:14:44]} Nbd7 {[%emt 0:05:33]} 12. Be3 {[%emt 0:00:16]} cxd5 {[%emt 0:02:44]} 13. cxd5 {[%emt 0:00:14]} a6 {[%emt 0:00:55]} 14. g4 {[%emt 0:04:24]} Bg6 {[%emt 0:00:24]} 15. Nd2 {[%emt 0:00:04]} Rc8 {[%emt 0:00:59]} 16. Rc1 {[%emt 0:00:16]} h6 {[%emt 0:05:48]} 17. Kf1 {[%emt 0:03:35]} Ne8 {[%emt 0:04:41]} 18. Nc4 {[%emt 0:00:44]} Bg5 {[%emt 0:04:25]} 19. Qd2 {[%emt 0:00:20]} Bxe3 {[%emt 0:02:57]} 20. Qxe3 {[%emt 0:00:34]} Qh4 {[%emt 0:04:03]} 21. Kg2 {[%emt 0:03:27]} h5 {[%emt 0:03:40]} 22. f3 {[%emt 0:04:44]} Qe7 {[%emt 0:02:25]} 23. a4 {[%emt 0:10:58]} Nef6 {[%emt 0:05:33]} 24. a5 {[%emt 0:05:43]} Rc7 {[%emt 0:03:28]} 25. Na4 {[%emt 0:00:25]} Rfc8 {[%emt 0:01:36]} 26. Nab6 {[%emt 0:06:33]} Nxb6 {[%emt 0:00:07]} 27. axb6 {[%emt 0:00:02]} Rd7 {[%emt 0:00:21]} 28. Na5 {[%emt 0:00:07]} Ra8 {[%emt 0:05:21]} 29. Rc2 {[%emt 0:01:14]} Ne8 {[%emt 0:02:19]} 30. Rhc1 {[%emt 0:00:35]} Kh7 {[%emt 0:03:55]} 31. Rc3 {[%emt 0:01:05]} Qd8 {[%emt 0:03:43]} 32. Bc2 {[%emt 0:00:21]} Rb8 {[%emt 0:02:35]} 33. Ba4 {[%emt 0:00:29]} Re7 {[%emt 0:00:03]} 34. Bxe8 {[%emt 0:09:02]} Qxe8 {[%emt 0:00:45]} 35. Nc6 {[%emt 0:01:01]} bxc6 {[%emt 0:01:21]} 36. dxc6 {[%emt 0:00:04]} Qc8 {[%emt 0:00:11]} 37. gxh5 {[%emt 0:00:40]} Re6 {[%emt 0:01:56]} 38. b7 {[%emt 0:01:30]} Qc7 {[%emt 0:00:02]} 39. hxg6+ {[%emt 0:00:23]} Rxg6+ {[%emt 0:00:02]} 40. Kh2 {[%emt 0:00:00]} Rh6 {[%emt 0:00:00]} 41. Qg5 {[%emt 0:09:46]} g6 {[%emt 0:04:13]} 42. Qg4 {[%emt 0:05:19]} Kg7 {[%emt 0:03:08]} 43. Qd7 {[%emt 0:01:49]} Qb6 {[%emt 0:00:02]} 44. R1c2 {[%emt 0:00:06]} Rd8 {[%emt 0:02:48]} 45. Qxd8 {[%emt 0:01:50]} Qxd8 {[%emt 0:00:11]} 46. c7 {[%emt 0:00:03]} Qh4 {[%emt 0:00:09]} 47. c8=Q {[%emt 0:00:04]} 1-0

[Event "12th Arad Open 2019"]
[Site "Arad"]
[Date "2019.07.28"]
[Round "6.31"]
[White "Peycheva, Gergana"]
[Black "Manea, Alexandru"]
[Result "1-0"]
[WhiteElo "2065"]
[BlackElo "2333"]
[Annotator "NA"]
[PlyCount "67"]
[EventDate "2019.07.24"]
[EventType "swiss"]
[EventCountry "ROU"]
[SourceTitle "playchess.com"]
[Source "ChessBase"]
[SourceQuality "1"]
[TimeControl "40/5400+30:900+30"]

1. d4 {[%emt 0:00:00]} Nf6 {[%emt 0:04:44]} 2. c4 {[%emt 0:00:26]} e6 {[%emt 0:00:09]} 3. Nc3 {[%emt 0:01:15]} Bb4 {[%emt 0:00:08]} 4. e3 {[%emt 0:00:58]} c5 {[%emt 0:00:10]} 5. Nge2 {[%emt 0:01:26]} cxd4 {[%emt 0:15:30]} 6. exd4 {[%emt 0:00:50]} d5 {[%emt 0:01:37]} 7. a3 {[%emt 0:01:34]} Be7 {[%emt 0:00:10]} 8. c5 {[%emt 0:02:42]} Nc6 {[%emt 0:00:07]} 9. b4 {[%emt 0:05:21]} e5 {[%emt 0:00:36]} 10. dxe5 {[%emt 0:07:58]} Nxe5 {[%emt 0:00:05]} 11. Nd4 {[%emt 0:00:40]} O-O {[%emt 0:01:05]} 12. Be2 {[%emt 0:03:07]} Ne4 {[%emt 0:15:53]} 13. Bb2 {[%emt 0:09:22]} Nc4 {[%emt 0:01:18]} 14. Bxc4 {[%emt 0:06:04]} Nxc3 {[%emt 0:00:06]} 15. Bxc3 {[%emt 0:00:24]} dxc4 {[%emt 0:00:06]} 16. O-O {[%emt 0:00:47]} Bf6 {[%emt 0:03:18]} 17. Qd2 {[%emt 0:10:28]} Qd5 {[%emt 0:02:37]} 18. Rad1 {[%emt 0:06:47]} Rd8 {[%emt 0:08:18]} 19. Qc2 {[%emt 0:06:48]} Qh5 {[%emt 0:13:39]} 20. Nb5 {[%emt 0:07:17]} Bf5 {[%emt 0:05:21]} 21. Rxd8+ {[%emt 0:00:21]} Rxd8 {[%emt 0:00:34]} 22. Qc1 {[%emt 0:01:51]} Bxc3 {[%emt 0:19:27]} 23. Qxc3 {[%emt 0:03:20]} Rd1 {[%emt 0:02:33]} 24. f3 {[%emt 0:00:58]} Rxf1+ {[%emt 0:00:11]} 25. Kxf1 {[%emt 0:00:01]} Bd3+ {[%emt 0:00:05]} 26. Kg1 {[%emt 0:02:02]} a6 {[%emt 0:00:28]} 27. Nd6 {[%emt 0:06:38]} Qd5 {[%emt 0:00:05]} 28. h3 {[%emt 0:00:36]} h6 {[%emt 0:00:08]} 29. Ne8 {[%emt 0:03:28]} Qg5 {[%emt 0:02:46]} 30. Qd4 {[%emt 0:00:44]} Kh7 {[%emt 0:00:46]} 31. Nd6 {[%emt 0:00:40]} Qc1+ {[%emt 0:00:40]} 32. Kh2 {[%emt 0:00:02]} Qxa3 {[%emt 0:00:42]} 33. Ne8 {[%emt 0:02:36]} f6 {[%emt 0:02:07]} 34. Qd7 {[%emt 0:00:06]} 1-0

[Event "12th Arad Open 2019"]
[Site "Arad"]
[Date "2019.07.28"]
[Round "6.32"]
[White "Luca, Ionel"]
[Black "Tomici, Stefan"]
[Result "1/2-1/2"]
[WhiteElo "2039"]
[BlackElo "2329"]
[Annotator "NA"]
[PlyCount "40"]
[EventDate "2019.07.24"]
[EventType "swiss"]
[EventCountry "ROU"]
[SourceTitle "playchess.com"]
[Source "ChessBase"]
[SourceQuality "1"]
[TimeControl "40/5400+30:900+30"]

1. c4 {[%emt 0:00:00]} e5 {[%emt 0:00:00]} 2. Nc3 {[%emt 0:00:00]} Be7 {[%emt 0:00:00]} 3. g3 {[%emt 0:00:00]} f5 {[%emt 0:00:00]} 4. Bg2 {[%emt 0:00:00]} Nf6 {[%emt 0:00:00]} 5. Nf3 {[%emt 0:22:44]} d6 {[%emt 0:00:23]} 6. c5 {[%emt 0:03:59]} O-O {[%emt 0:23:32]} 7. cxd6 {[%emt 0:08:14]} cxd6 {[%emt 0:00:24]} 8. Qb3+ {[%emt 0:09:08]} Kh8 {[%emt 0:00:06]} 9. Ng5 {[%emt 0:01:58]} d5 {[%emt 0:05:37]} 10. d4 {[%emt 0:00:10]} exd4 {[%emt 0:26:49]} 11. Nxd5 {[%emt 0:04:32]} Nxd5 {[%emt 0:00:55]} 12. Bxd5 {[%emt 0:00:08]} Bxg5 {[%emt 0:00:03]} 13. Bxg5 {[%emt 0:00:09]} Qxg5 {[%emt 0:00:32]} 14. Bxb7 {[%emt 0:00:02]} Bxb7 {[%emt 0:04:07]} 15. Qxb7 {[%emt 0:00:04]} Nc6 {[%emt 0:00:22]} 16. Qxc6 {[%emt 0:00:52]} Rac8 {[%emt 0:00:11]} 17. Qa4 {[%emt 0:01:39]} Rc1+ {[%emt 0:04:34]} 18. Rxc1 {[%emt 0:00:10]} Qxc1+ {[%emt 0:00:04]} 19. Qd1 {[%emt 0:00:06]} Qxb2 {[%emt 0:00:14]} 20. O-O {[%emt 0:02:52]} h6 {[%emt 0:09:57]} 1/2-1/2

[Event "12th Arad Open 2019"]
[Site "Arad"]
[Date "2019.07.28"]
[Round "6.33"]
[White "Nastase, Robert-Paul"]
[Black "Martin Perez, Javier"]
[Result "1-0"]
[WhiteElo "2283"]
[BlackElo "1961"]
[Annotator "NA"]
[PlyCount "53"]
[EventDate "2019.07.24"]
[EventType "swiss"]
[EventCountry "ROU"]
[SourceTitle "playchess.com"]
[Source "ChessBase"]
[SourceQuality "1"]
[TimeControl "40/5400+30:900+30"]

1. e4 {[%emt 0:01:44]} e6 {[%emt 0:00:00]} 2. d4 {[%emt 0:00:03]} d5 {[%emt 0:00:00]} 3. Nc3 {[%emt 0:00:43]} Bb4 {[%emt 0:00:00]} 4. e5 {[%emt 0:00:03]} Ne7 {[%emt 0:00:00]} 5. Qg4 {[%emt 0:00:18]} c5 {[%emt 0:00:34]} 6. a3 {[%emt 0:00:05]} Bxc3+ {[%emt 0:00:17]} 7. bxc3 {[%emt 0:00:04]} Qc7 {[%emt 0:00:14]} 8. Bd3 {[%emt 0:01:37]} cxd4 {[%emt 0:05:25]} 9. Ne2 {[%emt 0:00:12]} Nbc6 {[%emt 0:01:08]} 10. cxd4 {[%emt 0:00:33]} h5 {[%emt 0:03:41]} 11. Qf4 {[%emt 0:01:32]} Qa5+ {[%emt 0:06:21]} 12. Bd2 {[%emt 0:00:18]} Qa4 {[%emt 0:00:13]} 13. O-O {[%emt 0:00:52]} Nf5 {[%emt 0:05:48]} 14. c3 {[%emt 0:01:52]} Na5 {[%emt 0:01:35]} 15. Rfb1 {[%emt 0:04:18]} Nc4 {[%emt 0:02:39]} 16. Rb4 {[%emt 0:00:56]} Qc6 {[%emt 0:00:27]} 17. a4 {[%emt 0:00:08]} O-O {[%emt 0:16:00]} 18. Bc1 {[%emt 0:04:41]} f6 {[%emt 0:06:59]} 19. exf6 {[%emt 0:01:02]} Rxf6 {[%emt 0:00:35]} 20. Qg5 {[%emt 0:06:08]} Bd7 {[%emt 0:05:12]} 21. Qxh5 {[%emt 0:01:51]} Be8 {[%emt 0:07:06]} 22. Qg4 {[%emt 0:01:09]} Ncd6 {[%emt 0:05:37]} 23. Bg5 {[%emt 0:01:12]} Rf8 {[%emt 0:01:04]} 24. f3 {[%emt 0:01:59]} Bd7 {[%emt 0:04:16]} 25. Qh5 {[%emt 0:00:27]} Nf7 {[%emt 0:03:24]} 26. Bf4 {[%emt 0:05:15]} Rae8 {[%emt 0:01:25]} 27. g4 {[%emt 0:01:01]} 1-0

[Event "12th Arad Open 2019"]
[Site "Arad"]
[Date "2019.07.28"]
[Round "6.34"]
[White "Pop, Alexandru"]
[Black "Pislariu, Stefanel-Vasilica"]
[Result "1/2-1/2"]
[WhiteElo "2276"]
[BlackElo "1934"]
[Annotator "NA"]
[PlyCount "93"]
[EventDate "2019.07.24"]
[EventType "swiss"]
[EventCountry "ROU"]
[SourceTitle "playchess.com"]
[Source "ChessBase"]
[SourceQuality "1"]
[TimeControl "40/5400+30:900+30"]

1. c4 {[%emt 0:00:00]} c6 {[%emt 0:00:00]} 2. Nf3 {[%emt 0:00:00]} d5 {[%emt 0:00:00]} 3. e3 {[%emt 0:00:00]} Nf6 {[%emt 0:00:16]} 4. Nc3 {[%emt 0:00:00]} e6 {[%emt 0:03:02]} 5. b3 {[%emt 0:00:18]} Nbd7 {[%emt 0:01:01]} 6. Bb2 {[%emt 0:00:06]} Bd6 {[%emt 0:01:46]} 7. Be2 {[%emt 0:00:21]} O-O {[%emt 0:01:28]} 8. Qc2 {[%emt 0:00:28]} a6 {[%emt 0:05:32]} 9. g4 {[%emt 0:01:20]} Nxg4 {[%emt 0:05:18]} 10. Rg1 {[%emt 0:00:36]} f5 {[%emt 0:00:35]} 11. h3 {[%emt 0:01:38]} Nge5 {[%emt 0:06:37]} 12. Ng5 {[%emt 0:00:44]} Nf6 {[%emt 0:01:53]} 13. f4 {[%emt 0:00:12]} Ng6 {[%emt 0:04:26]} 14. O-O-O {[%emt 0:00:10]} e5 {[%emt 0:10:49]} 15. fxe5 {[%emt 0:00:37]} Nxe5 {[%emt 0:00:26]} 16. Rg2 {[%emt 0:00:43]} h6 {[%emt 0:05:58]} 17. Nf3 {[%emt 0:00:07]} Nxf3 {[%emt 0:00:22]} 18. Bxf3 {[%emt 0:00:04]} dxc4 {[%emt 0:00:35]} 19. bxc4 {[%emt 0:01:30]} Be6 {[%emt 0:05:28]} 20. Ne2 {[%emt 0:01:02]} Qd7 {[%emt 0:15:47]} 21. Rdg1 {[%emt 0:00:05]} g5 {[%emt 0:03:39]} 22. h4 {[%emt 0:00:04]} g4 {[%emt 0:01:35]} 23. Bxg4 {[%emt 0:00:07]} fxg4 {[%emt 0:03:13]} 24. Nd4 {[%emt 0:00:01]} Kf7 {[%emt 0:02:17]} 25. Rf1 {[%emt 0:01:39]} Ke7 {[%emt 0:04:14]} 26. Qg6 {[%emt 0:01:53]} Rf7 {[%emt 0:02:20]} 27. Rgf2 {[%emt 0:13:25]} Raf8 {[%emt 0:01:49]} 28. c5 {[%emt 0:51:32]} Be5 {[%emt 0:05:19]} 29. Qxh6 {[%emt 0:01:06]} Ne4 {[%emt 0:02:23]} 30. Rxf7+ {[%emt 0:05:29]} Rxf7 {[%emt 0:00:05]} 31. Rxf7+ {[%emt 0:00:10]} Bxf7 {[%emt 0:00:30]} 32. Qh7 {[%emt 0:00:36]} Nxc5 {[%emt 0:01:25]} 33. h5 {[%emt 0:03:02]} Bxd4 {[%emt 0:01:35]} 34. Bxd4 {[%emt 0:00:09]} Qd5 {[%emt 0:01:04]} 35. h6 {[%emt 0:00:06]} Qh1+ {[%emt 0:00:43]} 36. Kc2 {[%emt 0:00:20]} Qh5 {[%emt 0:00:34]} 37. Qh8 {[%emt 0:02:02]} Qg6+ {[%emt 0:01:49]} 38. Kb2 {[%emt 0:01:32]} Nd7 {[%emt 0:01:43]} 39. h7 {[%emt 0:00:31]} g3 {[%emt 0:01:14]} 40. Qg7 {[%emt 0:00:00]} Qxg7 {[%emt 0:00:00]} 41. Bxg7 {[%emt 0:03:05]} g2 {[%emt 0:00:36]} 42. h8=Q {[%emt 0:00:08]} g1=Q {[%emt 0:00:21]} 43. Qh4+ {[%emt 0:00:07]} Ke6 {[%emt 0:03:26]} 44. Qe4+ {[%emt 0:00:08]} Kd6 {[%emt 0:00:26]} 45. Qf4+ {[%emt 0:00:04]} Ke6 {[%emt 0:00:39]} 46. Qe4+ {[%emt 0:00:05]} Kd6 {[%emt 0:00:13]} 47. Qf4+ {[%emt 0:00:05] Ke5} 1/2-1/2